000 00769cab a2200253 4500
001 WB3410-23
008 090401t1998 xxu||||| |||| 00| 0 eng d
035 _a(Sirsi) u84773
041 _aeng
245 _aPension funds favour property
260 _c1998
350 _a0
490 _aEstates Gazette
_v(9810) 7 March 1998, 49(1)
520 _aAccording to an annual performance survey, property got the majority of new money coming into pension funds last year.
650 _aINSTITUTIONAL INVESTMENT
650 _aINVESTMENT MARKET
650 _aPENSION FUNDS
650 _aPROPERTY PERFORMANCE
650 _aPROPERTY UNIT TRUSTS
650 _aWM COMPANY
690 _aPROPERTY-PROPERTY FINANCE AND INVESTMENT
942 _n0
948 _c10/03/1998
999 _c53308
_d53308